00909cam a22002417a 4500003000500000005001700005008004100022010001000063011001000073035001000083040000900093100003000102245016800132260004100300300001900341502007500360530003600435650002400471650004800495650002900543700003200572856006300604CHAP20220329142824.0040519s2001 mx a r 00010 spa d a88288 a89260 a99811 cCHAP00aGarcía Ponce, Gilberto.10aCapacitación en producción organopónica en comunidades del Ajusco, D.F. :buna experiencia de campoc/por Gilberto García Ponce y Oscar López Domínguez aChapingo, Méx. :bEl autor,c2004. a83 h. ;bmapas aTesis (Ing. en Agroecología) -- UACH. Departamento de Agroecología aTambién disponible en línea14aAgricultura urbana.14aAgriculturaxTransferencia de tecnología.14aProyectos de desarrollo.1 aLópez Domínguez, Oscar. 3Finding aiduhttp://10.13.5.2/tesis/99811.pdfzTeclea aqui